00897nam a22002535a 450000500170000000800410001702000180005804000380007608200190011410000270013324500590016025000120021926000510023130000330028250000260031550000240034165000290036565000400039465100100043465300240044494200080046899900170047695201500049320161208112648.0161208s2015 ii a frd 001 0 eng d a9788123924960 aEG-ScBUEbengcEG-ScBUEdEG-ScBUE04222a617.6bSIK1 aSikri, Vimal K.94012610aPre-clinical conservative dentistry /cVimal K. Sikri. a2nd ed. aNew Delhi :bCbs Publishers & Distribu,c2015. aix, 164 p. :bill. ;c24 cm. aGlossary : p. 151-160 aIndex : p. 161-164. 72BUEsh939515aDentistry. 7930617aDentistry, Operative.2BUEsh 2BUEsh bDDentcDecember2016 2ddc c23517d23489 00102ddc40708AlahramaMAINbMAINc1STd2016-12-08ePurchaseg140.00l4m44o617.6 SIKp000040307r2025-07-15 00:00:00s2021-06-06v175.00yBB